| 000 | 00452nam a2200181 a 4500 | ||
|---|---|---|---|
| 001 | 14816 | ||
| 003 | CO-ViMGA | ||
| 008 | 141112s2004 ck r 000 u spa d | ||
| 020 | _a9583002976 | ||
| 040 |
_aCO-ViMGA _bspa _cCO-ViMGA |
||
| 082 | 0 | 4 | _aNIÑ |
| 100 | 1 |
_aNiño, Jairo Anibal _92482 |
|
| 245 | 1 | 0 | _aAviador Santiago |
| 260 |
_aBtá, _cPanAméricana, _c1996 |
||
| 650 | 1 | 4 |
_aLITERATURA INFANTIL _92746 |
| 650 | 1 | 4 |
_aNOVELA _949122 |
| 942 |
_2ddc _cBK |
||
| 999 |
_c25304 _d25304 |
||